000 005890000a22001810004500
003 MACL
005 20160514121408.0
008 160514b xxu||||| |||| 00| 0 eng d
040 _aMACL
_cMACL
041 _aHindi
082 _a891.433
100 _a डॉ भारदाज, शीतांशु
_956943
245 _aदरकते रिश्‍ते
_cडॉ शीतांशु भारदाज
260 _bइतिहास शोध संस्‍थान
_c2003
_aदिल्‍ली
350 _a200
650 _aStories
_956944
942 _cHIN
_k800/BHA/S
_2ddc
999 _c9691
_d9691